| 000 | 00783cam a22002415i 4500 | ||
|---|---|---|---|
| 999 |
_c3731 _d3731 |
||
| 003 | EG-ScBUE | ||
| 005 | 20210203105506.0 | ||
| 008 | 090111q1985 ua g 000 1f ara d | ||
| 017 | _a85 / 3161 | ||
| 040 |
_aEG-ScBUE _bara _erda _cEG-ScBUE _dEG-ScBUE |
||
| 082 | 0 | 4 |
_a892.736 _bإ د ر _222 |
| 100 | 1 |
_aإدريس، يوسف، _d1927-1991، _eمؤلف. _916802 |
|
| 245 | 1 | 0 |
_aأليس كذلك / _cيوسف إدريس. |
| 264 | 1 |
_aالقاهرة : _bمكتبة مصر، _c[1985] |
|
| 300 |
_a148 صفحة ؛ _b20 سم |
||
| 336 |
_aنص _btxt _2rdacontent |
||
| 337 |
_aبدون وسيط _bn _2rdamedia |
||
| 338 |
_aمجلد _bnc _2rdacarrier |
||
| 650 | 7 |
_aالقصص العربية _yقرن 20. _2BUEsh |
|
| 651 | _2BUEsh | ||
| 653 |
_bARALIT _bGGEN _cFebruary2021 |
||
| 942 |
_cBB _2ddc |
||